Finish the Hamilton Lyrics #3.1 - Statistics

General Stats
  • This quiz has been taken 111 times
  • The average score is 34 of 40
Answer Stats
Hint Answer % Correct
I am not throwing ____ my shot away
98%
I am not throwing ____ my shot away
98%
And I am not throwing ____ my shot away
98%
Hey, yo, I'm just like my _______ I'm young, scrappy and hungry country
97%
Hey, yo, I'm just like my _______ I'm young, scrappy and hungry country
97%
Let's get this guy in front of a _____ crowd
97%
I _______ that I'll make y'all proud promise
96%
Tell your _______ that he's gotta rise up brother
92%
I never had a _____ of friends before group
92%
Oh, am I talkin' too ____? loud
92%
If I see it comin', do I ___ or do I let it be? run
92%
Tell your ______ that she's gotta rise up sister
92%
I imagine _____ so much, it feels more like a memory death
91%
When's it gonna ___ me? get
91%
And I am not throwing away __... my
90%
Not throwing away __ shot! my
90%
I am not throwing away my ____ shot
90%
And I am not _________ away my shot throwing
90%
See, I never thought I'd live past ______ twenty
90%
Where I come from some get ____ as many half
88%
I've ____ readin' 'n' writin' been
87%
For the _____ time, I'm thinkin' past tomorrow first
87%
Rise up When you're living on your _____, you rise up knees
86%
Are we a nation of states? What's the state of ___ nation? our
86%
Scratch that, this is not a moment is a _________ movement
82%
And? If we win our independence? Is that a guarantee of ________ for our descendants? freedom
81%
In my sleep? _____ feet ahead of me? seven
81%
Sometimes I get __________, shoot off at the mouth overexcited
80%
Is it like a ____ without a melody? beat
79%
We have to make this _______ last, that's plenty moment
79%
Or will the _____ we shed begin an endless Cycle of vengeance and death with no defendants? blood
78%
Where all the hungriest brothers with Something to _____ went? prove
75%
But Jesus, between all the _______ 'n' fightin' bleeding
73%
We roll like _____, claimin' our promised land Moses
73%
I'm past patiently waitin' I'm passionately smashin' _____ expectation every
70%
Every action's an act of creation I'm laughin' in the face of casualties and ______ sorrow
69%
Ask anybody why we livin' fast and we laugh, reach for a ____ flask
65%
We need to ______ our financial situation handle
64%
Foes ______ us, we take an honest stand oppose
63%
I know the ______ in the street is excitin' action
62%
No matching quizzes found
Score Distribution
Percent of People with Each Score
Percentile by Number Answered
Your Score History
You have not taken this quiz